KOMIK STEM : (Record no. 203849)

MARC details
000 -LEADER
fixed length control field 01232nam a2200313 ia4500
005 - DATE AND TIME OF LATEST TRANSACTION
control field 20260416121855.0
008 - FIXED-LENGTH DATA ELEMENTS--GENERAL INFORMATION
fixed length control field 260414s2025 my ao br6 000 1 may d
020 ## - INTERNATIONAL STANDARD BOOK NUMBER
International Standard Book Number 9789673764099
Terms of availability RM23.90
Qualifying information paperback
040 ## - CATALOGING SOURCE
Original cataloging agency PPAK
Language of cataloging eng
Transcribing agency PPAK
Description conventions rda
082 04 - DEWEY DECIMAL CLASSIFICATION NUMBER
Edition number 23
Classification number 741.5
090 00 - LOCALLY ASSIGNED LC-TYPE CALL NUMBER (OCLC); LOCAL CALL NUMBER (RLIN)
Classification number (OCLC) (R) ; Classification number, CALL (RLIN) (NR) 741.5
Feature heading LEE
Feature heading K
100 1# - MAIN ENTRY--PERSONAL NAME
Personal name Lee, Kwang Woong,
Relator term author.
245 10 - TITLE STATEMENT
Title KOMIK STEM :
Remainder of title WHY? : Serangga.
Number of part/section of a work 23 /
Statement of responsibility, etc. Ditulis oleh: Lee Kwang Woong ; Diilustrasi oleh: Song Hoe Seok ; Diterjemahkan oleh Mohd Safuan Ahmad Nawawi
264 #1 - PRODUCTION, PUBLICATION, DISTRIBUTION, MANUFACTURE, AND COPYRIGHT NOTICE
Place of production, publication, distribution, manufacture Petaling Jaya, Selangor :
Name of producer, publisher, distributor, manufacturer Orbit Buku Sdn. Bhd.,
Date of production, publication, distribution, manufacture, or copyright notice [2025?]
300 ## - PHYSICAL DESCRIPTION
Extent [159] pages :
Other physical details colour illustrations, colour photographs ;
Dimensions 21 cm
336 ## - CONTENT TYPE
Content type term text
Source rdacontent
337 ## - MEDIA TYPE
Media type term unmediated
Source rdamedia
338 ## - CARRIER TYPE
Carrier type term volume
Source rdacarrier
490 1# - SERIES STATEMENT
Series statement KOMIK STEM
650 10 - SUBJECT ADDED ENTRY--TOPICAL TERM
Topical term or geographic name entry element Comic books, strips, etc.
Topical term or geographic name entry element Comic books and children
Topical term or geographic name entry element Science fiction
Form subdivision Comic books, strips, etc.
Topical term or geographic name entry element Communication
Form subdivision Comic books, strips, etc.
Topical term or geographic name entry element Informations
Form subdivision Comic books, strips, etc.
700 1# - ADDED ENTRY--PERSONAL NAME
Personal name Song, Hoe Seok,
Relator term illustrator.
Personal name Mohd Safuan Ahmad Nawawi,
Relator term translator.
830 #0 - SERIES ADDED ENTRY--UNIFORM TITLE
Uniform title Komik Stem
942 ## - ADDED ENTRY ELEMENTS (KOHA)
Source of classification or shelving scheme Dewey Decimal Classification
Koha item type Book

No items available.